الشیخ عبد العزیز بن باز : علومه و خدماته / (Record no. 211915)
[ view plain ]
| 000 -LEADER | |
|---|---|
| fixed length control field | 01026nam a22002057a 4500 |
| 003 - CONTROL NUMBER IDENTIFIER | |
| control field | BD-DhUL |
| 005 - DATE AND TIME OF LATEST TRANSACTION | |
| control field | 20170719101948.0 |
| 008 - FIXED-LENGTH DATA ELEMENTS--GENERAL INFORMATION | |
| fixed length control field | 170320s2010 bg ||||| |||| 00| 0 ara d |
| 040 ## - CATALOGING SOURCE | |
| Original cataloging agency | BD-DhUL |
| Transcribing agency | BD-DhUL |
| 082 ## - DEWEY DECIMAL CLASSIFICATION NUMBER | |
| Classification number | 297.61 |
| Item number | INS |
| 100 1# - MAIN ENTRY--PERSONAL NAME | |
| Personal name | انعام الحق، محمد۔ |
| 245 10 - TITLE STATEMENT | |
| Title | الشیخ عبد العزیز بن باز : علومه و خدماته / |
| Statement of responsibility, etc. | محمد انعام الحق۔ |
| Medium | [Ph D Thesis ] |
| 246 ## - VARYING FORM OF TITLE | |
| Title proper/short title | শায়খ আব্দুল আযীয ইবন বায : উলূমুহু ও খিদমাতুহু = |
| Remainder of title | শায়খ আব্দুল আযীয ইবন বায : তাঁর জ্ঞান-বিজ্ঞান চর্চা ও সেবা। |
| 260 ## - PUBLICATION, DISTRIBUTION, ETC. (IMPRINT) | |
| Place of publication, distribution, etc. | داکا : |
| Name of publisher, distributor, etc. | جامعة داکا، |
| Date of publication, distribution, etc. | ۲۰۱۰۔ |
| 300 ## - PHYSICAL DESCRIPTION | |
| Extent | ص۔ ۴۰۰ ؛ |
| Dimensions | ۳۰ سم۔ |
| 500 ## - GENERAL NOTE | |
| General note | البحث (الدکتورۃ) -- قسم العربیة، جامعة داکا، ۲۰۱۰۔ |
| 650 #0 - SUBJECT ADDED ENTRY--TOPICAL TERM | |
| Topical term or geographic name as entry element | Ibn Bāz, 'Abd al- 'Azīz |
| Form subdivision | Biography. |
| 650 #0 - SUBJECT ADDED ENTRY--TOPICAL TERM | |
| Topical term or geographic name as entry element | Wahabism. |
| 942 ## - ADDED ENTRY ELEMENTS (KOHA) | |
| Source of classification or shelving scheme | |
| Koha item type | Reference |
| Price effective from | Date last seen | Permanent Location | Not for loan | Date acquired | Source of classification or shelving scheme | Koha item type | Lost status | Withdrawn status | Copy number | Source of acquisition | Collection code | Damaged status | Shelving location | Barcode | Current Location | Full call number |
|---|---|---|---|---|---|---|---|---|---|---|---|---|---|---|---|---|
| 2017-07-19 | 2017-07-19 | Dhaka University Library | Not For Loan | 2014-01-11 | Reference | 1 | Gift | Reference | Reference | 467344 | Dhaka University Library | 297.61 INS |
